The missing piece : bahagian dua

Bibliographic Details
Main Author: Fatimah Busu (Author)
Format: Book
Language:Malay
Published: Seri Kembangan, Selangor : Citra Kurnia Enterprise 2006
Subjects:

MARC

LEADER 00000cam a2200000 7i4500
001 0000016904
005 20241028.0
008 060720 my may
020 |a 983414699X 
040 |a INS   |b eng   |e rda 
090 0 0 |a PL5136   |b .F34 2006 
100 0 |a Fatimah Busu ,   |e author 
245 1 4 |a The missing piece :   |b bahagian dua   |c Fatimah Busu 
264 1 |a Seri Kembangan, Selangor :   |b Citra Kurnia Enterprise   |c 2006 
300 |a 886 pages ;   |c 22 cm. 
336 |a text  |2 rdacontent 
337 |a unmediated  |2 rdamedia 
338 |a volume  |2 rdacarrier 
504 |a Includes bibliographical references 
650 0 |a Malay fiction 
999 |a 0000016895   |b BOOK   |c Open Shelf   |e Default branch